[Event "HUN-chT2 Maroczy 1819"]
[Site "Hungary"]
[Date "2019.04.28"]
[Round "11.12"]
[White "Geher, Koppany"]
[Black "Tanacs, Anna"]
[Result "1/2-1/2"]
[WhiteElo "2099"]
[BlackElo "1976"]
[PlyCount "87"]
[EventDate "2018.09.23"]
[EventType "team-tourn"]
[EventRounds "11"]
[EventCountry "HUN"]
[SourceTitle "EXT 2021"]
[Source "ChessBase"]
[SourceDate "2020.10.23"]
[SourceVersion "1"]
[SourceVersionDate "2020.10.23"]
[SourceQuality "1"]
[WhiteTeam "Budapest MTK"]
[BlackTeam "Toth Laszlo"]
[WhiteTeamCountry "HUN"]
[BlackTeamCountry "HUN"]

1. e4 c6 2. d4 d5 3. e5 c5 4. dxc5 Qa5+ 5. Nc3 e6 6. Be3 Nc6 7. Bb5 Nge7 8. Nf3 Nf5 9. Nd4 Nxe3 10. fxe3 Qc7 11. Qg4 Bd7 12. Bxc6 Bxc6 13. 0-0-0 Qxe5 14. e4 h5 15. Qg3 Qxg3 16. hxg3 Bxc5 17. exd5 Bxd5 18. Nxd5 exd5 19. Nf5 g6 20. Rxd5 b6 21. Nd4 0-0 22. Nb5 a5 23. Rhd1 Rae8 24. Nc3 Re3 25. R5d3 Rfe8 26. Nd5 Rxd3 27. Rxd3 Kg7 28. Kd1 Re5 29. c4 Re4 30. b3 Rg4 31. Ke2 h4 32. a3 Rxg3 33. Rxg3 hxg3 34. b4 axb4 35. axb4 Bf2 36. Kf3 f5 37. Kf4 Bd4 38. Kxg3 g5 39. Kf3 Kf7 40. g3 Ke6 41. g4 fxg4+ 42. Kxg4 Kd6 43. Kxg5 b5 44. cxb5 1/2-1/2

[Event "HUN-chT2 Maroczy 1819"]
[Site "Hungary"]
[Date "2018.10.07"]
[Round "2.12"]
[White "Szalaji, Renata"]
[Black "Tanacs, Anna"]
[Result "1/2-1/2"]
[WhiteElo "1894"]
[BlackElo "1976"]
[PlyCount "76"]
[EventDate "2018.09.23"]
[EventType "team-tourn"]
[EventRounds "11"]
[EventCountry "HUN"]
[SourceTitle "EXT 2020"]
[Source "ChessBase"]
[SourceDate "2019.10.17"]
[SourceVersion "1"]
[SourceVersionDate "2019.10.17"]
[SourceQuality "1"]
[WhiteTeam "Lillafured DVTK II"]
[BlackTeam "Toth Laszlo"]
[WhiteTeamCountry "HUN"]
[BlackTeamCountry "HUN"]

1. e4 c6 2. d4 d5 3. Nc3 dxe4 4. Nxe4 Nd7 5. Bc4 Ngf6 6. Nxf6+ Nxf6 7. c3 Qc7 8. h3 e6 9. Nf3 Bd6 10. Qe2 0-0 11. 0-0 Nd5 12. Re1 b6 13. Ng5 h6 14. Ne4 Bf4 15. Qf3 Bxc1 16. Raxc1 Bb7 17. Bxd5 exd5 18. Ng3 Rae8 19. Nf5 Bc8 20. Ng3 Qd6 21. Rcd1 Re6 22. Re3 Rxe3 23. fxe3 Qg6 24. Qf2 h5 25. Kh2 h4 26. Nf1 Qe4 27. Re1 Ba6 28. Kg1 Bxf1 29. Qxf1 Re8 30. Qf3 f6 31. Qxe4 Rxe4 32. Kf2 Kf7 33. Ke2 g5 34. b3 f5 35. Rf1 Ke6 36. c4 g4 37. Rf4 Rxf4 38. exf4 gxh3 1/2-1/2

[Event "HUN-chT2 Maroczy 1718"]
[Site "Hungary"]
[Date "2017.12.03"]
[Round "3.12"]
[White "Tanacs, Anna"]
[Black "Muranyi, Peter"]
[Result "1/2-1/2"]
[WhiteElo "1980"]
[BlackElo "1770"]
[PlyCount "72"]
[EventDate "2017.10.29"]
[EventType "team-tourn"]
[EventRounds "9"]
[EventCountry "HUN"]
[SourceTitle "EXT 2021"]
[Source "ChessBase"]
[SourceDate "2020.10.23"]
[SourceVersion "1"]
[SourceVersionDate "2020.10.23"]
[SourceQuality "1"]
[WhiteTeam "Toth Laszlo"]
[BlackTeam "Taban Spartacus"]
[WhiteTeamCountry "HUN"]
[BlackTeamCountry "HUN"]

1. d4 Nf6 2. Nf3 g6 3. g3 Bg7 4. Bg2 d5 5. 0-0 0-0 6. c4 c6 7. Nc3 Bf5 8. cxd5 cxd5 9. Qb3 b6 10. Ne5 Be6 11. Rd1 Na6 12. Qa3 Nb8 13. Bf4 Bc8 14. Rac1 Bb7 15. Nb5 Ne8 16. Nd3 a5 17. Nc7 Ra7 18. Nxe8 Qxe8 19. Rc7 Nc6 20. Bxd5 Qa8 21. Bxc6 Bxc6 22. Rxa7 Qxa7 23. Ne5 Bd5 24. f3 f6 25. Ng4 f5 26. Ne3 Bf7 27. Be5 Bxe5 28. dxe5 b5 29. Kf2 Rc8 30. Qd3 Be6 31. f4 b4 32. Kf1 Rc7 33. Qd8+ Kg7 34. Ng2 Rc2 35. Rd2 Rxd2 36. Qxd2 Bxa2 1/2-1/2

[Event "HUN-chT2 Maroczy 1718"]
[Site "Hungary"]
[Date "2017.11.26"]
[Round "2.12"]
[White "Karacsonyi, Kata"]
[Black "Tanacs, Anna"]
[Result "1/2-1/2"]
[WhiteElo "1740"]
[BlackElo "1986"]
[PlyCount "129"]
[EventDate "2017.10.29"]
[EventType "team-tourn"]
[EventRounds "9"]
[EventCountry "HUN"]
[SourceTitle "EXT 2021"]
[Source "ChessBase"]
[SourceDate "2020.10.23"]
[SourceVersion "1"]
[SourceVersionDate "2020.10.23"]
[SourceQuality "1"]
[WhiteTeam "Budapest Kobanya II"]
[BlackTeam "Toth Laszlo"]
[WhiteTeamCountry "HUN"]
[BlackTeamCountry "HUN"]

1. e4 c6 2. d4 d5 3. exd5 cxd5 4. Bd3 Nc6 5. c3 Nf6 6. Bg5 e6 7. Nf3 Be7 8. 0-0 0-0 9. Nbd2 Qc7 10. Qe2 h6 11. Bh4 Nh5 12. Bxe7 Nf4 13. Qe3 Nxe7 14. Bc2 b5 15. Ne5 Nh5 16. Qd3 Nf6 17. Ng4 Ng6 18. Nxf6+ gxf6 19. h4 f5 20. Nf3 Kh7 21. Qe3 Rg8 22. g3 f6 23. Rfe1 Qg7 24. Kh1 Bd7 25. Re2 Rae8 26. h5 Ne7 27. Qf4 Kh8 28. Rg1 Nc6 29. Rge1 Re7 30. Nh4 Kh7 31. Ng6 Ree8 32. g4 e5 33. dxe5 fxe5 34. Nxe5 Nxe5 35. Bxf5+ Bxf5 36. Qxf5+ Kh8 37. Rxe5 Ref8 38. Qg6 Qxg6 39. hxg6 Rxg6 40. Re8 Kg8 41. Rxf8+ Kxf8 42. Re5 Rxg4 43. Rxd5 a6 44. Rd6 Ra4 45. a3 Re4 46. Rxh6 Re2 47. Rxa6 Rxb2 48. Kg2 Rb3 49. Kg3 Rxc3+ 50. Kg4 Rc2 51. f4 Ra2 52. Ra5 Rb2 53. Kg5 b4 54. axb4 Rxb4 55. Ra6 Kf7 56. f5 Rb7 57. Rh6 Kg8 58. Kg6 Rg7+ 59. Kf6 Rf7+ 60. Ke5 Ra7 61. Rb6 Kf7 62. Rf6+ Kg7 63. Rg6+ Kf7 64. Rh6 Kg7 65. Rg6+ 1/2-1/2

[Event "HUN-chT Csongrad Region"]
[Site "Hungary"]
[Date "2016.04.24"]
[Round "9.1"]
[White "Tanacs, Anna"]
[Black "Bodo, Imre"]
[Result "0-1"]
[WhiteElo "2045"]
[BlackElo "1783"]
[PlyCount "92"]
[EventDate "2015.09.20"]
[EventType "team-tourn"]
[EventRounds "9"]
[EventCountry "HUN"]
[SourceTitle "EXT 2017"]
[Source "ChessBase"]
[SourceDate "2016.10.25"]
[SourceVersion "1"]
[SourceVersionDate "2016.10.25"]
[SourceQuality "1"]

1. d4 d5 2. Nf3 Bf5 3. g3 e6 4. Bg2 Nf6 5. 0-0 c5 6. c4 Nc6 7. cxd5 Nxd5 8. Nc3 Nf6 9. Qa4 Qa5 10. dxc5 Bxc5 11. Qf4 Qb4 12. Ne5 Nxe5 13. Qxe5 0-0 14. a3 Qb6 15. h3 Nd7 16. Qf4 Bd6 17. Qf3 Rab8 18. g4 Bg6 19. Rd1 Rfd8 20. Be3 Qa6 21. Bg5 Ne5 22. Qe3 Nc4 23. Qc1 f6 24. Be3 Rbc8 25. b3 Na5 26. Qb2 Be5 27. Rxd8+ Rxd8 28. f4 Bd4 29. Bxd4 Rxd4 30. e3 Rd6 31. f5 Bf7 32. Bf1 Qb6 33. Qf2 exf5 34. gxf5 Qxb3 35. Nb5 Rd8 36. Nd4 Qc3 37. Rb1 Re8 38. Re1 a6 39. a4 Nc4 40. Bxc4 Bxc4 41. Qg3 b5 42. axb5 axb5 43. Ne6 Bxe6 44. fxe6 Qe5 45. Qxe5 fxe5 46. Rb1 Rb8 0-1

[Event "HUN-chT2 Maroczy 1516"]
[Site "Hungary"]
[Date "2016.03.20"]
[Round "7.11"]
[White "Tanacs, Anna"]
[Black "Fekete, Agnes"]
[Result "1-0"]
[WhiteElo "2037"]
[BlackElo "2006"]
[PlyCount "67"]
[EventDate "2015.10.18"]
[EventType "team-tourn"]
[EventRounds "9"]
[EventCountry "HUN"]
[SourceTitle "EXT 2017"]
[Source "ChessBase"]
[SourceDate "2016.10.25"]
[SourceVersion "1"]
[SourceVersionDate "2016.10.25"]
[SourceQuality "1"]
[WhiteTeam "Toth Laszlo"]
[BlackTeam "Kisujszallas"]
[WhiteTeamCountry "HUN"]
[BlackTeamCountry "HUN"]

1. d4 Nf6 2. Nf3 g6 3. g3 Bg7 4. Bg2 0-0 5. 0-0 d6 6. a4 Nbd7 7. a5 e5 8. dxe5 dxe5 9. Nc3 Nh5 10. Bg5 f6 11. Be3 c6 12. a6 f5 13. axb7 Bxb7 14. Qd3 Qe7 15. Qc4+ Kh8 16. Qb3 Nb6 17. Ra5 Rfe8 18. Ng5 h6 19. Nf7+ Kh7 20. Bc5 Qd7 21. Rd1 Nd5 22. Nd6 Nxc3 23. bxc3 Red8 24. Rda1 Bc8 25. Rxa7 Rxa7 26. Rxa7 Qe6 27. Qxe6 Bxe6 28. Bxc6 Kh8 29. Re7 Ba2 30. c4 Rb8 31. Nf7+ Kh7 32. Nxe5 Rb1+ 33. Kg2 Rc1 34. Be8 1-0

[Event "HUN-chT2 Maroczy 1516"]
[Site "Hungary"]
[Date "2016.02.14"]
[Round "5.11"]
[White "Tanacs, Anna"]
[Black "Papp, Abel"]
[Result "0-1"]
[WhiteElo "2037"]
[BlackElo "2146"]
[PlyCount "70"]
[EventDate "2015.10.18"]
[EventType "team-tourn"]
[EventRounds "9"]
[EventCountry "HUN"]
[SourceTitle "EXT 2017"]
[Source "ChessBase"]
[SourceDate "2016.10.25"]
[SourceVersion "1"]
[SourceVersionDate "2016.10.25"]
[SourceQuality "1"]
[WhiteTeam "Toth Laszlo"]
[BlackTeam "DVTK EMSE"]
[WhiteTeamCountry "HUN"]
[BlackTeamCountry "HUN"]

1. d4 d5 2. Nf3 Nf6 3. c4 c6 4. cxd5 cxd5 5. Nc3 Nc6 6. e3 a6 7. Be2 Bf5 8. Bd2 e6 9. a3 Bd6 10. Rc1 0-0 11. Na4 Rc8 12. b4 e5 13. dxe5 Nxe5 14. Nxe5 Bxe5 15. Bc3 Qe7 16. 0-0 Ne4 17. Bxe5 Rxc1 18. Qxc1 Qxe5 19. Bf3 Rc8 20. Qd1 h6 21. h3 Rc6 22. Qd4 Qxd4 23. exd4 Rc4 24. Nb6 Rxd4 25. Rc1 Rd3 26. Rc7 d4 27. Rxb7 Rxa3 28. Rb8+ Kh7 29. Nd7 Bxd7 30. Bxe4+ f5 31. Bd5 d3 32. Rd8 d2 33. Bg8+ Kg6 34. Rxd7 Ra1+ 35. Kh2 d1Q 0-1

[Event "HUN-chT2 Maroczy 1314"]
[Site "Hungary"]
[Date "2014.03.23"]
[Round "9"]
[White "Tanacs, Anna"]
[Black "Albert, Kornelia"]
[Result "1-0"]
[WhiteElo "2063"]
[BlackElo "2091"]
[PlyCount "79"]
[EventDate "2013.09.08"]
[EventType "team-tourn"]
[EventRounds "11"]
[EventCountry "HUN"]
[SourceTitle "EXT 2016"]
[Source "ChessBase"]
[SourceDate "2015.10.08"]
[SourceVersion "1"]
[SourceVersionDate "2015.10.08"]
[SourceQuality "1"]
[WhiteTeam "Toth Laszlo"]
[BlackTeam "Budapest MLTC II"]
[WhiteTeamCountry "HUN"]
[BlackTeamCountry "HUN"]

1. d4 Nf6 2. Nf3 e6 3. g3 b6 4. Bg2 Bb7 5. 0-0 c5 6. c4 cxd4 7. Qxd4 Nc6 8. Qd1 d5 9. Nc3 Be7 10. Qa4 0-0 11. Rd1 Nb4 12. a3 Bc6 13. Qb3 Na6 14. Ne5 Nc5 15. Qc2 Bb7 16. b4 Ncd7 17. Nxd7 Qxd7 18. cxd5 exd5 19. Qb3 Rfd8 20. Be3 Qf5 21. Bd4 Ne4 22. Qb2 Bf6 23. Nxe4 dxe4 24. Bxf6 gxf6 25. Rd4 Rxd4 26. Qxd4 Re8 27. Rc1 Qe5 28. Qd7 Re7 29. Qd8+ Kg7 30. e3 Qb2 31. Rd1 Re5 32. Qd7 Ba6 33. Qg4+ Rg5 34. Qxe4 Qxa3 35. h4 Rb5 36. Qg4+ Kh6 37. Rd4 Qc1+ 38. Kh2 Bc8 39. Qf4+ Kg7 40. Rc4 1-0

[Event "HUN-chT 1112"]
[Site "Hungary"]
[Date "2012.05.20"]
[Round "11"]
[White "Kantor, Gergely"]
[Black "Tanacs, Anna"]
[Result "1-0"]
[WhiteElo "2268"]
[BlackElo "2078"]
[PlyCount "61"]
[EventDate "2011.09.25"]
[EventType "team-tourn"]
[EventRounds "11"]
[EventCountry "HUN"]
[SourceTitle "EXT 2013"]
[Source "ChessBase"]
[SourceDate "2012.11.22"]
[SourceVersion "1"]
[SourceVersionDate "2012.11.22"]
[SourceQuality "1"]
[WhiteTeam "Aquaprofit"]
[BlackTeam "Toth Laszlo"]
[WhiteTeamCountry "HUN"]
[BlackTeamCountry "HUN"]

1. d4 Nf6 2. c4 e6 3. Nc3 Bb4 4. Qc2 d5 5. a3 Bxc3+ 6. Qxc3 c5 7. dxc5 Nc6 8. cxd5 exd5 9. Nf3 0-0 10. Bg5 d4 11. Qc2 Re8 12. 0-0-0 Qd5 13. e3 Bf5 14. Qc4 Qxc4+ 15. Bxc4 dxe3 16. Bxe3 Ng4 17. Bd4 Na5 18. Ba2 Re2 19. Rd2 Rae8 20. h3 Nf6 21. Bxf6 gxf6 22. Nd4 Re1+ 23. Rxe1 Rxe1+ 24. Rd1 Re5 25. b4 Nc6 26. f4 Nxd4 27. fxe5 fxe5 28. Bd5 Ne2+ 29. Kd2 Nf4 30. Bxb7 Bg6 31. b5 1-0

[Event "HUN-chT 1112"]
[Site "Hungary"]
[Date "2012.02.19"]
[Round "6"]
[White "Tanacs, Anna"]
[Black "Nagy, Kristof"]
[Result "1-0"]
[WhiteElo "2078"]
[BlackElo "2041"]
[PlyCount "51"]
[EventDate "2011.09.25"]
[EventType "team-tourn"]
[EventRounds "11"]
[EventCountry "HUN"]
[SourceTitle "EXT 2013"]
[Source "ChessBase"]
[SourceDate "2012.11.22"]
[SourceVersion "1"]
[SourceVersionDate "2012.11.22"]
[SourceQuality "1"]
[WhiteTeam "Toth Laszlo"]
[BlackTeam "Csuti"]
[WhiteTeamCountry "HUN"]
[BlackTeamCountry "HUN"]

1. d4 d5 2. Nf3 Nf6 3. g3 c6 4. Bg2 g6 5. 0-0 Bg7 6. c4 dxc4 7. Na3 b5 8. Ne5 Nd5 9. Bd2 Bb7 10. Qc1 0-0 11. Rd1 Nd7 12. e4 N5b6 13. Nxd7 Qxd7 14. Bh6 Bxh6 15. Qxh6 Na4 16. Rd2 Qd6 17. e5 Qb4 18. Re2 c3 19. Re4 f5 20. exf6 Rxf6 21. Rae1 Re8 22. Bh3 e6 23. Bxe6+ Kh8 24. Bg4 Rg8 25. Re7 Qxe7 26. Rxe7 1-0

[Event "HUN-chT 1112"]
[Site "Hungary"]
[Date "2011.09.25"]
[Round "1"]
[White "Tanacs, Anna"]
[Black "Horvath, David G"]
[Result "1/2-1/2"]
[WhiteElo "2078"]
[BlackElo "2349"]
[PlyCount "85"]
[EventDate "2011.09.25"]
[EventType "team-tourn"]
[EventRounds "11"]
[EventCountry "HUN"]
[SourceTitle "CBM 144 Extra"]
[Source "ChessBase"]
[SourceDate "2011.10.28"]
[SourceVersion "1"]
[SourceVersionDate "2011.10.28"]
[SourceQuality "1"]
[WhiteTeam "Toth Laszlo"]
[BlackTeam "MLTC"]
[WhiteTeamCountry "HUN"]
[BlackTeamCountry "HUN"]

1. d4 Nf6 2. Nf3 e6 3. g3 b6 4. Bg2 Bb7 5. 0-0 c5 6. c4 cxd4 7. Qxd4 Be7 8. Nc3 d6 9. Rd1 a6 10. e4 Qc7 11. Be3 Nbd7 12. Rac1 Rc8 13. b3 0-0 14. h3 Rfd8 15. Ne1 Nc5 16. Bg5 h6 17. Bxf6 Bxf6 18. Qe3 Qb8 19. Nd3 Bc6 20. Nb4 Ba8 21. Nd3 b5 22. Ne2 Nxd3 23. Qxd3 Bc6 24. Nd4 Be8 25. Qe2 Qb6 26. Nf3 bxc4 27. bxc4 Rc5 28. Rb1 Qc7 29. Nd2 Ba4 30. Rdc1 Qa7 31. Qe3 Rc7 32. Qxa7 Rxa7 33. Nf3 Kf8 34. Rb6 Ke7 35. c5 dxc5 36. e5 Bg5 37. Nxg5 hxg5 38. Rxc5 Rd1+ 39. Kh2 Rd2 40. Ra5 Rxa2 41. Rbxa6 Rxa6 42. Rxa6 Bb3 43. Rxa2 1/2-1/2

[Event "HUN-chT U18"]
[Site "Miskolc"]
[Date "2010.11.05"]
[Round "6.5"]
[White "Tanacs, Anna"]
[Black "Csorsz, Ferenc Jr"]
[Result "1-0"]
[WhiteElo "2070"]
[BlackElo "1921"]
[PlyCount "43"]
[EventDate "2010.11.02"]
[EventType "team-swiss"]
[EventRounds "8"]
[EventCountry "HUN"]
[SourceTitle "EXT 2016"]
[Source "ChessBase"]
[SourceDate "2015.10.08"]
[SourceVersion "1"]
[SourceVersionDate "2015.10.08"]
[SourceQuality "1"]

1. Nf3 c5 2. g3 Nf6 3. Bg2 g6 4. 0-0 Bg7 5. d4 cxd4 6. Nxd4 Nc6 7. c4 Qb6 8. Nb5 a6 9. Be3 Qd8 10. N5c3 Ng4 11. Bf4 d6 12. Qc1 0-0 13. Nd5 Nd4 14. Nbc3 Ne6 15. Bd2 Ne5 16. b3 Nc5 17. Bh6 e6 18. Bxg7 Kxg7 19. Ne3 Bd7 20. b4 Na4 21. f4 Nxc3 22. Qxc3 1-0

[Event "HUN-chT U18"]
[Site "Miskolc"]
[Date "2010.11.03"]
[Round "2.4"]
[White "Tanacs, Anna"]
[Black "Laza, Szabolcs"]
[Result "1-0"]
[WhiteElo "2070"]
[BlackElo "1775"]
[PlyCount "107"]
[EventDate "2010.11.02"]
[EventType "team-swiss"]
[EventRounds "8"]
[EventCountry "HUN"]
[SourceTitle "EXT 2016"]
[Source "ChessBase"]
[SourceDate "2015.10.08"]
[SourceVersion "1"]
[SourceVersionDate "2015.10.08"]
[SourceQuality "1"]

1. d4 d5 2. Nf3 Nf6 3. g3 e6 4. Bg2 c5 5. 0-0 Nc6 6. c4 Be7 7. Nc3 0-0 8. cxd5 exd5 9. dxc5 Bxc5 10. Bg5 Be7 11. Nd4 Be6 12. Nxe6 fxe6 13. Bh3 Qd6 14. Nb5 Qd7 15. Bf4 Nh5 16. Bd2 Nf6 17. Bc3 Ne4 18. e3 Nxc3 19. Nxc3 Bf6 20. e4 d4 21. Nd5 Qd6 22. Nxf6+ Rxf6 23. Qb3 Kh8 24. f4 Na5 25. Qb5 Qb6 26. Qxb6 axb6 27. e5 Rff8 28. Bxe6 d3 29. Rad1 Rfd8 30. Rd2 Nc6 31. Bb3 Nd4 32. Kf2 Nxb3 33. axb3 Ra5 34. Rfd1 Ra2 35. Ke3 Kg8 36. Rc1 Rd7 37. Rc3 Ra1 38. Rcxd3 Rxd3+ 39. Kxd3 Re1 40. Re2 Rd1+ 41. Kc4 Kf7 42. Kb5 Rd3 43. Kc4 Rd1 44. f5 Rf1 45. e6+ Ke7 46. Re5 Rf2 47. Rd5 Rc2+ 48. Kd3 Rxb2 49. Rd7+ Kf8 50. Rf7+ Ke8 51. Rxg7 Rxb3+ 52. Ke4 Rb5 53. f6 Rb4+ 54. Ke5 1-0

[Event "HUN-chT U18"]
[Site "Miskolc"]
[Date "2010.11.03"]
[Round "3.4"]
[White "Zsirai, Peter"]
[Black "Tanacs, Anna"]
[Result "0-1"]
[WhiteElo "2000"]
[BlackElo "2070"]
[PlyCount "120"]
[EventDate "2010.11.02"]
[EventType "team-swiss"]
[EventRounds "8"]
[EventCountry "HUN"]
[SourceTitle "EXT 2016"]
[Source "ChessBase"]
[SourceDate "2015.10.08"]
[SourceVersion "1"]
[SourceVersionDate "2015.10.08"]
[SourceQuality "1"]

1. e4 c6 2. d4 d5 3. Nd2 dxe4 4. Nxe4 Nd7 5. Nf3 Ngf6 6. Ng3 e6 7. Bd3 c5 8. c3 Bd6 9. 0-0 0-0 10. Re1 Qc7 11. Bg5 b6 12. Qe2 Bb7 13. Ne5 h6 14. Nxd7 Nxd7 15. Bd2 Nf6 16. Rf1 cxd4 17. cxd4 Bf4 18. Rac1 Qd6 19. Bxf4 Qxf4 20. Qe5 Qd2 21. Qe3 Qxe3 22. fxe3 Rac8 23. b3 Nd5 24. e4 Nb4 25. Bb1 Rfd8 26. Rxc8 Rxc8 27. Rd1 Kf8 28. Kf2 Nxa2 29. Rd2 Nb4 30. Ne2 Ke7 31. Ke3 Ba6 32. d5 Bxe2 33. Kxe2 Rc1 34. Bd3 exd5 35. exd5 Nxd5 36. Bc4 Nb4 37. Kf3 Rc3+ 38. Kf4 Rc2 39. Rd4 Rxg2 40. Re4+ Kf6 41. Kf3 Rg5 42. Rf4+ Rf5 43. Rxf5+ Kxf5 44. Bxf7 g5 45. h3 Nc6 46. Bd5 Nd4+ 47. Kg3 h5 48. h4 g4 49. Bf7 Ne2+ 50. Kf2 Nf4 51. Kg3 Kf6 52. Be8 Ke7 53. Bb5 Ne6 54. Bd3 a5 55. Bg6 Ng7 56. Kf4 Kf6 57. Bd3 Ne6+ 58. Kg3 Nd4 59. Kf4 Nxb3 60. Bb5 Nd4 0-1

[Event "Wch U18 Girls"]
[Site "Porto Carras"]
[Date "2010.10.21"]
[Round "2"]
[White "Tanacs, Anna"]
[Black "Suslova, Alena"]
[Result "1/2-1/2"]
[WhiteElo "2070"]
[BlackElo "2207"]
[PlyCount "105"]
[EventDate "2010.10.20"]
[EventType "swiss"]
[EventRounds "11"]
[EventCountry "GRE"]
[SourceTitle "EXT 2011"]
[Source "ChessBase"]
[SourceDate "2010.11.26"]
[SourceVersion "1"]
[SourceVersionDate "2010.11.26"]
[SourceQuality "1"]

1. Nf3 Nf6 2. g3 g6 3. Bg2 Bg7 4. 0-0 0-0 5. d4 d6 6. c4 c5 7. Nc3 Nc6 8. e4 cxd4 9. Nxd4 Nxd4 10. Qxd4 Ng4 11. Qd2 Be6 12. b3 Qa5 13. Bb2 Rfd8 14. Qc2 Qh5 15. h3 Ne5 16. Qd1 Qxd1 17. Rfxd1 Rac8 18. Rab1 a6 19. Nd5 Bxd5 20. Rxd5 Rc5 21. Bxe5 Bxe5 22. Rbd1 Rdc8 23. Rxc5 Rxc5 24. Rd5 Rc7 25. f4 Bc3 26. a4 Be1 27. Rd3 Bb4 28. Kf2 b5 29. axb5 axb5 30. cxb5 Rb7 31. e5 Rxb5 32. exd6 Bxd6 33. Bd5 Kg7 34. Bc4 Ra5 35. Rd2 h6 36. Kf3 Kf6 37. g4 Ra1 38. Rf2 Kg7 39. Ke4 Re1+ 40. Kd3 Rd1+ 41. Ke2 Rd4 42. f5 g5 43. Rf3 Kf6 44. Rd3 Re4+ 45. Re3 Rf4 46. Rg3 e5 47. fxe6 fxe6 48. Rf3 Rxf3 49. Kxf3 e5 50. h4 Bb4 51. h5 Bc3 52. Bd5 Ke7 53. Ke4 1/2-1/2

[Event "HUN-ch U18 Girls"]
[Site "Budapest"]
[Date "2010.07.01"]
[Round "5"]
[White "Zsigrai, Sara"]
[Black "Tanacs, Anna"]
[Result "0-1"]
[WhiteElo "1612"]
[BlackElo "2093"]
[PlyCount "82"]
[EventDate "2010.06.26"]
[EventType "tourn"]
[EventRounds "7"]
[EventCountry "HUN"]
[SourceTitle "CBM 137 Extra"]
[Source "ChessBase"]
[SourceDate "2010.09.01"]
[SourceVersion "1"]
[SourceVersionDate "2010.09.01"]
[SourceQuality "1"]

1. d4 Nf6 2. c4 e6 3. Nc3 Bb4 4. e3 d5 5. Nf3 0-0 6. cxd5 exd5 7. Bd3 Bg4 8. 0-0 c6 9. Be2 Nbd7 10. Qc2 Bd6 11. Re1 Rc8 12. e4 dxe4 13. Nxe4 Nxe4 14. Qxe4 Nf6 15. Qd3 Qc7 16. h3 Bh5 17. Be3 Bg6 18. Qb3 Rcd8 19. Rac1 Nd5 20. a3 Nxe3 21. fxe3 Bg3 22. Rf1 Qe7 23. Rc5 Bd6 24. Rcc1 Rfe8 25. Rc3 Bb8 26. Ne5 Bxe5 27. dxe5 Qc7 28. e6 Rxe6 29. h4 Re5 30. Rf2 Rde8 31. g4 h5 32. Rg2 Qe7 33. gxh5 Bxh5 34. Bxh5 Rxh5 35. Rf2 Rxh4 36. Kf1 Rh1+ 37. Ke2 Rh3 38. Kd1 Rd8+ 39. Kc2 Qe4+ 40. Rd3 Rxd3 41. Qxf7+ Kh7 0-1

[Event "HUN-ch U18 Girls"]
[Site "Budapest"]
[Date "2010.06.30"]
[Round "4"]
[White "Tanacs, Anna"]
[Black "Hitter, Gabriela"]
[Result "1-0"]
[WhiteElo "2093"]
[BlackElo "2060"]
[PlyCount "69"]
[EventDate "2010.06.26"]
[EventType "tourn"]
[EventRounds "7"]
[EventCountry "HUN"]
[SourceTitle "CBM 137 Extra"]
[Source "ChessBase"]
[SourceDate "2010.09.01"]
[SourceVersion "1"]
[SourceVersionDate "2010.09.01"]
[SourceQuality "1"]

1. d4 d5 2. Nf3 Nf6 3. c4 c6 4. Nc3 e6 5. g3 Nbd7 6. Bg2 Be7 7. 0-0 b6 8. cxd5 exd5 9. Bf4 0-0 10. Rc1 Bb7 11. Ne5 Nxe5 12. Bxe5 Re8 13. Bxf6 Bxf6 14. b4 a6 15. e3 Qd6 16. Qb3 Bc8 17. Na4 Rb8 18. Nc3 h5 19. a4 b5 20. axb5 axb5 21. e4 dxe4 22. Nxe4 Qxd4 23. Nxf6+ Qxf6 24. Rxc6 Be6 25. Qf3 Qd4 26. Qxh5 Qxb4 27. Bd5 Bxd5 28. Qxd5 Red8 29. Qf3 Qb2 30. Rc7 Rf8 31. Re1 b4 32. Ree7 Qa2 33. Rb7 Qc4 34. Rxf7 Qxf7 35. Qxf7+ 1-0